000 00529nam a22001937a 4500
003 KOHA_MİRAKIL
005 20251224160610.0
008 251224b tu ||||| |||| 00| 0 tur d
020 _a9786054893041
040 _aTR-AnABB
_btur
_cTR-AnABB
041 _atur
082 _a811.42
_bOZE 2021
100 1 _aÖzel, İsmet,
245 1 0 _aOf not being a jew /
_cİsmet Özel
260 _aİstanbul :
_bTiyo Yayıncılık,
_c2021
300 _a607 sayfa ;
_c21 cm
650 0 4 _aTürk edebiyatı, roman
942 _2ddc
_cBK
999 _c9958
_d9958
900 _bGizem YORULMAZ